Naples - Choix multiples - Statistiques

Statistiques générales
  • Ce quiz a été pris 3 384 fois
    3 254 depuis la dernière actualisation
  • Le résultat moyen est 6 sur 10
Statistiques - réponses
Question Réponse % Correct
Quel ville romaine, détruite par une éruption en 79 ap. J.-C., se situe près de Naples ? Pompéi
99%
Quel célèbre volcan domine la baie de Naples ? Le Vésuve
87%
Quel footballeur légendaire a joué pour le Napoli SSC et dont le stade porte son nom ? Diego Maradona
81%
Quels sont les ingrédients de base de la pizza Margherita originaire de Naples ? Sauce tomate, mozzarella, basilic frais
79%
Quelle île célèbre se trouve à proximité de Naples ? Capri
65%
Quelle épidémie a fortement touché Naples au XVIIᵉ siècle, causant des dizaines de milliers de morts ? La peste
57%
Comment s’appelle l’organisation criminelle historiquement implantée à Naples ? La Camorra
49%
Qui a fondé Naples ? Les Grecs
44%
Quelle mer borde la ville de Naples ? Mer Tyrrhénienne
40%
Quel théâtre napolitain, fondé en 1737, est considéré comme l’un des plus anciens opéras d’Europe toujours en activité ? Teatro San Carlo
31%
Aucun quiz correspondant
Distribution des résultats
% des personnes avec chaque résultat
Percentile par nombre de réponses
Votre historique - résultats
Vous n’avez pas pris ce quiz depuis la dernière actualisation